| 000 | 00953nam a2200205Ia 4500 | ||
|---|---|---|---|
| 003 | Ost | ||
| 005 | 20260507075052.0 | ||
| 008 | 260507s9999||||xx |||||||||||||| ||und|| | ||
| 040 | _cfsecg | ||
| 041 | _aara | ||
| 082 | _a657.46 | ||
| 100 |
_aالبديوي، منصور أحمد _eمؤلف |
||
| 245 | 0 |
_aدراسات في المحاسبة الضريبية / _c منصور أحمد البديوي |
|
| 260 |
_aالاسكندرية: _bالدار الجامعية, _c2003 |
||
| 300 |
_a473 صفحة؛ _bإيضاحات ؛ _c24 سم |
||
| 520 | _aالضريبة الموحدة على ايرادات رؤوس الأموال المنقولة، الضريبة الموحدة على المرتبات، الضريبة على أرباح شركات الأموال، مقدمة في الضريبة العامة على المبيعات | ||
| 653 | _aالضرائب-محاسبة | ||
| 700 |
_aأبو زيد، كمال _eمؤلف ثانوي |
||
| 942 | _cكتاب | ||
| 999 |
_c42679 _d42679 |
||